00772 a2200193 4500010001400000020002600014035001300040037001600053082001200069090001500081100003300096245014400129260004600273300002900319500005200348942002600400999001500426952013700441 aENG-88942 a9780195690484c645.00 aEN-72475 bDBAD / PUB14a954.082 c9700d9700 aBhattacharyya-Panda, Nandini1 aAppropriation and invention of tradition :bthe East India Company and hindu law in early Colonial Bengal /cby Nandini Bhattacharyya-Panda aNew DelhibOxford University Pressc2008 axi, 273p. ;c22 cm (Hb) aIncludes bibliographical references and index adplcENk954.082/ BHA c9523d9523 00102ddc40718NFICaDBADbDBADeDBAD/PUBg645.00l0o954.082 BHApEN-72475r2008-09-15 00:00:00t1u10509v645.00w2008-09-15yEN